| Tag |
First Indicator |
Second Indicator |
Subfields |
| LEADER |
00000cgm a2200000Mi 4500 |
| 001 |
in00005569913 |
| 006 |
m o c |
| 007 |
cr |n||||||||a |
| 007 |
vz |za|z| |
| 008 |
170825s2010 cau101 e o vueng d |
| 005 |
20241201231859.7 |
| 035 |
|
|
|a (OCoLC)on1028039184
|
| 040 |
|
|
|a ALSTP
|b eng
|e rda
|e pn
|c ALSTP
|d OCLCF
|d WYU
|d S9I
|d OCLCQ
|d OCLCO
|d CAUOI
|d OCLCO
|d UPM
|d UHL
|d OCLCA
|d OCLCQ
|d OCLCO
|d DXU
|d OCLCO
|
| 019 |
|
|
|a 1031747466
|a 1113483598
|a 1373496848
|a 1443966391
|
| 035 |
|
|
|a (OCoLC)1028039184
|z (OCoLC)1031747466
|z (OCoLC)1113483598
|z (OCoLC)1373496848
|z (OCoLC)1443966391
|
| 049 |
|
|
|a TXAM
|
| 245 |
0 |
0 |
|a Body-weight training :
|b perception meets reality /
|c [presented by] Bill Sonnemaker ; [produced by] IDEA Health & Fitness Association ; [produced by] Healthy Learning ; [produced by] Monterey Bay Video Production Company.
|
| 264 |
|
1 |
|a Monterey, CA :
|b Healthy Learning,
|c 2010.
|
| 300 |
|
|
|a 1 online resource (101 min.)
|
| 306 |
|
|
|a 014115
|
| 336 |
|
|
|a two-dimensional moving image
|b tdi
|2 rdacontent
|
| 337 |
|
|
|a computer
|b c
|2 rdamedia
|
| 337 |
|
|
|a video
|b v
|2 rdamedia
|
| 338 |
|
|
|a online resource
|b cr
|2 rdacarrier
|
| 347 |
|
|
|a video file
|2 rda
|
| 380 |
|
|
|a Videorecording
|
| 490 |
0 |
|
|a Academic Video Online
|
| 500 |
|
|
|a Title from resource description page (viewed August 25, 2017).
|
| 520 |
|
|
|a Body-Weight Training: Perception Meets Reality is designed to serve as an informational resource for facilities that are either low on available equipment, or simply don't have room for all the tools that most trainers use with their at-home, in-club, and corporate clients. The video explains how to design effective programs, using only body weight as resistance. The video details the many advantages of body-weight training, as well as provides information on its limiting factors. The video also examines several other key factors involving body-weight resistance training, including proper progression, standard maintenance, and injury prevention.
|
| 546 |
|
|
|a In English.
|
| 650 |
|
0 |
|a Physical fitness.
|
| 650 |
|
0 |
|a Exercise.
|
| 650 |
|
0 |
|a Physical education and training.
|
| 650 |
|
0 |
|a Weight training.
|
| 650 |
|
6 |
|a Exercice.
|
| 650 |
|
6 |
|a Éducation physique.
|
| 650 |
|
6 |
|a Musculation.
|
| 650 |
|
7 |
|a Exercise
|2 fast
|
| 650 |
|
7 |
|a Physical education and training
|2 fast
|
| 650 |
|
7 |
|a Physical fitness
|2 fast
|
| 650 |
|
7 |
|a Weight training
|2 fast
|
| 655 |
|
7 |
|a Instructional films
|2 fast
|
| 655 |
|
7 |
|a Instructional films.
|2 lcgft
|
| 655 |
|
7 |
|a Films de formation.
|2 rvmgf
|
| 700 |
1 |
|
|a Sonnemaker, Bill,
|e instructor.
|
| 710 |
2 |
|
|a IDEA Health & Fitness Association,
|e production company.
|
| 710 |
2 |
|
|a Healthy Learning Videos,
|e production company.
|
| 710 |
2 |
|
|a Monterey Bay Video Production Co.,
|e production company.
|
| 856 |
4 |
0 |
|u http://proxy.library.tamu.edu/login?url=https://www.aspresolver.com/aspresolver.asp?MARC;3364569
|z Connect to this streaming video (Alexander Street Press)
|t 0
|
| 955 |
|
|
|a Alexander Street Press subscription streaming video
|
| 994 |
|
|
|a 92
|b TXA
|
| 999 |
f |
f |
|s f0a9fd0d-7ecf-4463-8b59-a7d52fb18dc4
|i 0ea2ccc1-6eb5-420d-8bc4-5d71451bf715
|t 0
|
| 952 |
f |
f |
|a Texas A&M University
|b College Station
|c Electronic Resources
|d Available Online
|t 0
|h Library of Congress classification
|
| 998 |
f |
f |
|t 0
|l Available Online
|